000 00664nam a2200241 i 4500
001 bg
100 1 _aROSŁANOWSKI, Jan
245 1 0 _aPraktyka warsztatowa :
_bzagadnienia spajania i cięcia materiałów /
_cJan Rosłanowski.
260 _aGdynia :
_bAkademia Morska,
_c2002.
300 _a185 s. :
_bil. ;
_c21 cm.
504 _aBibliogr.
650 9 _aCięcie
650 9 _aKlejenie
650 9 _aSpawalnictwo
655 _aPodręczniki akademickie
020 _a8387875236
040 _cBPK
041 0 _apol
080 _a621.791/.795:621.93:678.02](075.8)
920 _a83-87875-23-6
942 _cKS
008 s pl f |000 0 pol
999 _c43480
_d43480
856 _uhttp://koha.tu.koszalin.pl/cgi-bin/koha/opac-detail.pl?biblionumber=43480
_yKatalog online BPK